| Tag |
First Indicator |
Second Indicator |
Subfields |
| LEADER |
00000cas a2200000 a 4500 |
| 001 |
in00002003138 |
| 005 |
20170928131748.0 |
| 006 |
m o d |
| 007 |
cr ||||||||||| |
| 008 |
990603c19809999nyubr poo 0 a0eng c |
| 010 |
|
|
|a 2004263024
|
| 016 |
7 |
|
|a 013363780
|2 Uk
|
| 019 |
|
|
|a 53863461
|a 243574809
|a 858842461
|
| 022 |
0 |
|
|a 1521-0758
|l 0191-3123
|2 1
|
| 029 |
1 |
|
|a AU@
|b 000026395341
|
| 029 |
1 |
|
|a AU@
|b 000044929826
|
| 029 |
1 |
|
|a AU@
|b 000045717362
|
| 029 |
1 |
|
|a NZ1
|b 12398876
|
| 029 |
1 |
|
|a NZ1
|b 16065572
|
| 029 |
1 |
|
|a NZ1
|b 8982347
|
| 029 |
1 |
|
|a OCLCS
|b 7014
|
| 029 |
1 |
|
|a OCLCS
|b OP-28356
|
| 029 |
1 |
|
|a ZWZ
|b 120533766
|
| 035 |
|
|
|a (OCoLC)ocm41477716
|
| 035 |
|
|
|a (OCoLC)41477716
|z (OCoLC)53863461
|z (OCoLC)243574809
|z (OCoLC)858842461
|
| 037 |
|
|
|b Taylor & Francis, 1 Gunpowder Square, London, EC4a 3DE, UK
|
| 040 |
|
|
|a TMC
|b eng
|c TMC
|d OCL
|d EYM
|d OCLCQ
|d TXA
|d FQM
|d OCLCQ
|d NSD
|d OCLCQ
|d UKMGB
|d OCLCQ
|d OCLCF
|d OCLCO
|d VT2
|d OCLCQ
|d TXA
|d UtOrBLW
|
| 042 |
|
|
|a pcc
|a nsdp
|
| 049 |
|
|
|a TXAM
|
| 050 |
1 |
4 |
|a RB25
|b .U46 Electronic
|
| 060 |
|
4 |
|a INTERNET
|
| 082 |
1 |
0 |
|a 616
|2 13
|
| 130 |
0 |
|
|a Ultrastructural pathology (Online)
|
| 222 |
|
0 |
|a Ultrastructural pathology
|b (Online)
|
| 245 |
1 |
0 |
|a Ultrastructural pathology.
|
| 264 |
|
1 |
|a Philadelphia, Pa. :
|b Taylor and Francis
|
| 300 |
|
|
|a 1 online resource
|
| 310 |
|
|
|a Bimonthly
|
| 336 |
|
|
|a text
|b txt
|2 rdacontent
|
| 337 |
|
|
|a computer
|b c
|2 rdamedia
|
| 338 |
|
|
|a online resource
|b cr
|2 rdacarrier
|
| 362 |
1 |
|
|a Print began with v. 1, published in 1980.
|
| 538 |
|
|
|a Mode of access: World Wide Web.
|
| 550 |
|
|
|a Affiliated with the Society for Ultrastructural Pathology.
|
| 588 |
|
|
|a Description based on: Vol. 23, no. 1 (Feb. 1999); title from issue table of contents (MetaPress, viewed Nov. 18, 2004).
|
| 588 |
|
|
|a Latest issue consulted: Vol. 28, no. 4 (July/Aug. 2004) (viewed Nov. 18, 2004).
|
| 500 |
|
|
|a Electronic resource.
|
| 650 |
|
0 |
|a Pathology, Cellular
|v Periodicals.
|
| 650 |
|
0 |
|a Ultrastructure (Biology)
|v Periodicals.
|
| 650 |
|
0 |
|a Diagnosis, Electron microscopic
|v Periodicals.
|
| 650 |
|
2 |
|a Microscopy, Electron.
|0 https://id.nlm.nih.gov/mesh/D008854
|
| 650 |
|
2 |
|a Pathology.
|0 https://id.nlm.nih.gov/mesh/D010336
|
| 650 |
|
7 |
|a Diagnosis, Electron microscopic.
|2 fast
|0 (OCoLC)fst00892305
|
| 650 |
|
7 |
|a Pathology, Cellular.
|2 fast
|0 (OCoLC)fst01054974
|
| 650 |
|
7 |
|a Ultrastructure (Biology)
|2 fast
|0 (OCoLC)fst01160738
|
| 655 |
|
0 |
|a Electronic journals.
|
| 655 |
|
7 |
|a Periodicals.
|2 fast
|0 (OCoLC)fst01411641
|
| 710 |
2 |
|
|a Society for Ultrastructural Pathology,
|e issuing body.
|0 http://id.loc.gov/authorities/names/n95803366
|
| 776 |
0 |
8 |
|i Print version:
|t Ultrastructural pathology
|x 0191-3123
|w (DLC) 80644918
|w (OCoLC)4848588
|
| 948 |
|
|
|a cataloged
|b h
|c 2016/8/3
|d c
|e spoltoratski
|f 8:37:45 am
|g sc
|
| 994 |
|
|
|a C0
|b TXA
|
| 999 |
f |
f |
|s d274e397-c9a1-3605-bc47-463c7fcc8fa5
|i bb6982ba-7413-326f-b225-bd7d4d8c4157
|t 0
|
| 952 |
f |
f |
|a Texas A&M University
|b College Station
|c Electronic Resources
|d Available Online
|t 0
|e RB25 .U46
|g Electronic
|h Library of Congress classification
|
| 998 |
f |
f |
|a RB25 .U46
|t 0
|l Available Online
|